000 00309nam a2200133Ia 4500
008 140130s9999 xx 000 0 und d
245 _cAndrease, Giles
_aGiraffes can't dance
260 _bScholastic,
_c1999
300 _a29
440 _v1
521 _aGrade 1 - Grade 2
942 _cBK
999 _c40380
_d40380